Flags of Europe - 30 Seconds - Statistics

General Stats
  • This quiz has been taken 69 times
  • The average score is 12 of 20
Answer Stats
Picture Answer % Correct
Portugal
83%
United Kingdom
80%
Russia
78%
Germany
75%
Sweden
75%
Ukraine
71%
Andorra
67%
Austria
67%
Czechia
67%
Greece
67%
Iceland
67%
Norway
67%
Poland
64%
Spain
64%
Croatia
63%
France
63%
Luxembourg
63%
Romania
63%
Switzerland
63%
Ireland
60%
North Macedonia
60%
Belgium
58%
Belarus
57%
Latvia
57%
Monaco
57%
HUngary
56%
Bulgaria
50%
Kosovo
50%
Malta
50%
Montenegro
50%
Netherlands
50%
San Marino
50%
Vatican City
50%
Denmark
43%
Moldova
43%
Slovakia
43%
Albania
40%
Estonia
38%
Bosnia and Herzegovina
33%
Italy
33%
Lithuania
27%
Liechtenstein
22%
Serbia
22%
Slovenia
14%
Iceland
0%
No matching quizzes found
Score Distribution
Percent of People with Each Score
Percentile by Number Answered
Your Score History
You have not taken this quiz